Masterclass in religious education transforming teaching and learning

Αποθηκεύτηκε σε:
Λεπτομέρειες βιβλιογραφικής εγγραφής
Κύριος συγγραφέας: GEARON, Liam
Μορφή: Βιβλίο
Γλώσσα:Αγγλικά
Έκδοση: Bloomsbury Academic 2013
Ετικέτες: Προσθήκη ετικέτας
Δεν υπάρχουν, Καταχωρήστε ετικέτα πρώτοι!

MARC

LEADER 00000nam a22000007a 4500
008 230126b |||||||| |||| 00| 0 eng d
020 |a 9781441154224 
100 |a GEARON, Liam 
245 |a Masterclass in religious education  |b transforming teaching and learning  |c Liam Gearon.  |g vi,204p 
260 |b Bloomsbury Academic  |c 2013  |h London  |i 699776  |i  699777  |l BV1471.3 .G26  |m Religious Education -Cross cultural Studies 
500 |a Includes bibliographical references and index. 
942 |a lcc  |c BK  |e Johnson  |f 26/01/23 
952 |0 0  |1 0  |2 lcc  |4 0  |6 BV14713 G26  |7 0  |9 4189  |a ART  |b HOL  |c AF  |d 2023-01-26  |l 0  |o BV1471.3 .G26  |p 2023-0119  |r 2023-01-26 00:00:00  |t 699776  |w 2023-01-26  |y BK 
952 |0 0  |1 0  |2 lcc  |4 0  |6 BV14713 G26  |7 0  |9 4190  |a HOL  |b HOL  |c AF  |d 2023-01-26  |l 0  |o BV1471.3 .G26  |p 2023-0120  |r 2023-01-26 00:00:00  |t 699777  |w 2023-01-26  |y BK 
999 |c 2099  |d 2099